000 00357nam a2200133Ia 4500
008 191206s9999 xx 000 0 und d
020 _a9.78818E+12
090 _aPL8013E5W66
245 0 _a"AIDS, NGOs, and globalisation"
260 _aAkansha Pub. House
260 _cc2010
300 _a"xxix, 458 p. : ill., map ; 23 cm."
999 _c15433
_d15433